Hindu festival in a Indian village (Record no. 1848651)

MARC details
000 -LEADER
fixed length control field 00620nam a2200193 4500
005 - DATE AND TIME OF LATEST TRANSACTION
control field 20260430113458.0
008 - FIXED-LENGTH DATA ELEMENTS--GENERAL INFORMATION
fixed length control field 260430b |||||||| |||| 00| 0 eng d
020 ## - INTERNATIONAL STANDARD BOOK NUMBER
International Standard Book Number 0295977078X
037 ## - SOURCE OF ACQUISITION
Terms of availability General Book
040 ## - CATALOGING SOURCE
Original cataloging agency RTL
Transcribing agency RTL
084 ## - COLON CLASSIFICATION NUMBER
Classification number Y:5.252, N8
Assigning agency RTL
100 ## - MAIN ENTRY--PERSONAL NAME
Personal name Freed, Stanley A
9 (RLIN) 1236061
245 ## - TITLE STATEMENT
Title Hindu festival in a Indian village
260 ## - PUBLICATION, DISTRIBUTION, ETC.
Date of publication, distribution, etc. 1998
Place of publication, distribution, etc. Seatle
Name of publisher, distributor, etc. American useum of natural history
300 ## - PHYSICAL DESCRIPTION
Extent vii, 326 p. : ill.
Other physical details Includes bibliographical references and index
650 ## - SUBJECT ADDED ENTRY--TOPICAL TERM
Topical term or geographic name entry element Sociology
700 ## - ADDED ENTRY--PERSONAL NAME
Personal name Freed, Ruth S
Relator term Co-author
9 (RLIN) 72500
942 ## - ADDED ENTRY ELEMENTS (KOHA)
Source of classification or shelving scheme Colon Classification (CC)
Suppress in OPAC No
Koha item type General Books
Classification part Y:5.252, N8
Holdings
Withdrawn status Lost status Source of classification or shelving scheme Damaged status Not for loan Home library Current library Date acquired Total Checkouts Full call number Barcode Date last seen Price effective from Koha item type
    Colon Classification (CC)     Ratan Tata Library Ratan Tata Library 2026-04-30   Y:5.252, N8 RT1331765 2026-04-30 2026-04-30 General Books
Copyright @ Delhi University Library System